000 01415 a2200217 4500
001 29954
005 20260407155610.0
008 260407a1978 arg spa d
003 AR-UNSa-BCEJYS
040 _aAR-UNSa-BCEJYS
_bspa
_cAR-UNSa-BCEJYS
080 _a657.474.2
_xRelaciones entre la contabilidad comercial y la contabilidad de costes
245 1 0 _aContabilidad de eficiencia para planeamiento y control
250 _a3a. ed
264 1 _aBuenos Aires :
_bEdiciones Contabilidad Moderna
_c1978
300 _a482 p.
_c23 cm.
505 _a1. El auge de los sistemas de información gerencial - 2. Características básicas de la contabilidad de eficiencia - 3. La contabilidad de eficiencia y el costeo directo - 4. Contabilidad por áreas de responsabilidad - 5. Costeo stándar de materiales y mano de obra - 6. Presupuestos variables de gastos indirectos basados en la medición del trabajo - 7. Rentabilidad por líneas de productos y plan de utilidades - 8. Rendimiento de la inversión y evaluación de proyectos - 9. El proceso de planeamiento de la utilidad - 10. Los informes gerenciales como medios de control y revisión de planes - 11. La contabilidad de eficiencia y la fijación de los precios de venta - 12. Bases para la administración científica de empresas
942 _cBK
590 _aniveau_biblio:m niveau_hierar:0
100 1 _aRaimondi, Carlos A.
700 1 _aBeyer, Robert
999 _c1988
_d1988